000 02176cam a22003135i 4500
001 20463253
005 20241024141143.0
008 180420s2018 nju 000 0 eng
010 _a 2018942062
020 _a9781634623759
040 _aDLC
_beng
_erda
_cDLC
_dDLC
041 _aeng
042 _apcc
050 _aQA76.9.D3
_bS43 2018
100 _aSebastian-Coleman, Laura
_924258
_eauthor
245 1 0 _aNavigating the labyrinth
_b: an executive guide to data management
_c/ Laura Sebastian-Coleman.
250 _a1st edition.
260 _aBasking Ridge, NJ :
_bTechnics Publications,
_c2018.
300 _a 202 pages : illustrations ; 23 cm.
504 _aIncludes bibliographical references (pages 185-198) and index.
505 _aT︣︣he importance of managing data — Data management challenges — DAMA's data management principles — Data ethics — Data governance — Planning and designing in data lifecycle management — Enabling and maintaining data — Using and enhancing data — Data protection, privacy, security, and risk management — Metadata management — Data quality management — What to do now.
520 _aIf you are leading an organization or if you need to communicate with leaders about data management, Navigating the Labyrinth is your guide. Organizations that want to get value from their data need to manage that data well. But to most executives, data management seems obscure, complicated, and highly technical. You don't have time to learn all the detail or cut through the hype. Navigating the Labyrinth helps you get there. Based on best practices from DAMA's Data Management Body of Knowledge (DMBOK2), it explains the fundamentals and says why they are important. It focuses your attention on what you need to know to help your organization build trust in and get value out of its data.
526 _aMSc Digital Transformation & Business Innovation
650 0 _aDatabase management
_910927
650 0 _aInformation technology
_xManagement
_911628
650 0 _aBusiness enterprises
_xComputer networks
_xSecurity measures
_924260
710 _aData Management Association
_924259
_eeditor
942 _2lcc
999 _c4372
_d4372